Laura Pausini (CD Áudio) (Registo nº 202414)

Detalhes MARC
000 -Etiqueta do registo
Valores 00431nam 22001693 4500
016 ## - Número internacional ISRC
Modalidade de aquisição e/ou preço compra
100 ## - Dados gerais de processamento
Dados gerais 20260601d u||y0pory50 ba
200 ## - Titulo e menção de responsabilidade
Título próprio Laura Pausini (CD Áudio)
Primeira menção de responsabilidade Laura Pausini
210 ## - Publicação
Nome do editor Warner Music
Data de publicação 1993
215 ## - Descrição física 
Outras indicações físicas CD áudio
610 ## - Termos não controlados
Palavra de ordem música pop, ligeira
675 ## - CDU
Notação 78
Edição DE
Língua ita
700 ## - Autor principal (pessoa individual)
ID Autoridade 17435
Apelido Pausini
Nome Laura
Datas 1974-
801 ## - Fonte de origem
País PT
Agência BMMN
Regras de catalogação RPC
990 ## - Elementos KOHA
Tipo de documento CD Música
Exemplares
Aquisição Código de barras Cota Permissão de empréstimo Tipo de documento Empréstimo Forma de aquisição
Biblioteca Municipal de Montemor-o-Novo 31895 3189578 PAU (est)|DEP   CD Música Biblioteca Municipal de Montemor-o-Novo Compra

Powered by Koha